Firemní vzdélávání a řízení talentů - výhled pro rok 2011, aneb Budujeme pracoviště bez hraníc

Prognóza pre oblasť firemného vzdelávania, ľudských zdrojov a biznisu pre rok 2011 formulovaná v 10. bodoch.

Saved in:
Bibliographic Details
Main Author: Bersin, Josh
Format: Book Chapter
Language:Czech
Subjects:
Tags: Add Tag
No Tags, Be the first to tag this record!

MARC

LEADER 00000naa a2200000 4500
001 0126608
005 20231113132714.9
041 0 |a cze 
044 |a CZ 
245 1 0 |a Firemní vzdélávání a řízení talentů - výhled pro rok 2011, aneb Budujeme pracoviště bez hraníc  |c Josh Bersin 
520 |a Prognóza pre oblasť firemného vzdelávania, ľudských zdrojov a biznisu pre rok 2011 formulovaná v 10. bodoch. 
610 2 0 |a firmy 
610 2 0 |a rozvoj pracovníkov 
610 2 0 |a vzdelávanie ďalšie 
610 2 0 |a riadenie ľudských zdrojov 
610 2 0 |a siete sociálne 
610 2 0 |a talenty 
610 2 0 |a pohyb síl pracovných 
610 2 0 |a prognózy krátkodobé 
100 1 |a Bersin, Josh